000 01348cam a22004574i 4500
003 PE-LiUPU
005 20250731173218.0
008 150625s1979 nyu rb 000 0 eng d
020 _a0826701280
035 _a(Sirsi) i9780826701282
040 _bspa
_cPE-LiUPU
_erda
_dPE-LiUPU
049 _aPRUA
082 0 4 _a224.8
_bW111t
_221
100 1 _aWaard, Jan de,
_eautor.
245 1 2 _aA translator's handbook on the book of Amos /
_cJan de Waard.
264 1 _aNey York :
_bUniet Bible Society,
_c1979.
300 _a274 páginas ;
_c24 centímetros.
336 _atext
_2rdacontent
337 _aunmediated
_2rdamedia
338 _avolume
_2rdacarrier
490 0 _aHelps for Translators Series.
504 _aIncluye bibliografía.
505 0 _aAmós -- Capítulos.
526 _aSEG42
526 _aSEG41
526 _aSEG40
526 _aSEG39
526 _aP94
526 _aP87
526 _aP86
526 _aP85
526 _aP77
526 _aP76
526 _aP35
630 1 4 _aBiblia.
_pAmós
_xComentarios.
700 1 _aSmalley, William A.,
_eautor.
942 _2ddc
_cBK
949 _a220.05
_wDEWEY
_c1
_i38606
_lCCODEBUL1
_mBUL
_r0
_sY
_tBOOK
_u2015-6-25
_xTEOLOGIA
_zUNKNOWN
_0COMPRA
_o.STAFF. Colección General
980 _81
_gALBERTO SANCHEZ Responsable de Automatización
999 _c41004
_d41004